ARRUPE JESUIT UNIVERSITY

CORONAVIRUS -STOP THE SPREAD - CLEAN,DISINFECT,COVER

Credo (Record no. 118966)

MARC details
000 -LEADER
fixed length control field 00415nam a22001337a 4500
008 - FIXED-LENGTH DATA ELEMENTS--GENERAL INFORMATION
fixed length control field 131203b xxu||||| |||| 00| 0 eng d
050 ## - LIBRARY OF CONGRESS CALL NUMBER
Classification number BT993.2B197 1990
100 ## - MAIN ENTRY--PERSONAL NAME
Personal name Von Balthasar, Hans
9 (RLIN) 4777
245 ## - TITLE STATEMENT
Title Credo
Remainder of title Meditations on the Apostles' Creed
Statement of responsibility, etc Hans Von Balthasar
260 ## - PUBLICATION, DISTRIBUTION, ETC. (IMPRINT)
Place of publication, distribution, etc San Fransisco
Name of publisher, distributor, etc Ignatius Press
Date of publication, distribution, etc 1990
300 ## - PHYSICAL DESCRIPTION
Extent 105p. ;
Dimensions 22cm.
650 ## - SUBJECT ADDED ENTRY--TOPICAL TERM
Topical term or geographic name as entry element Apostles' Creed
9 (RLIN) 4778
942 ## - ADDED ENTRY ELEMENTS (KOHA)
Source of classification or shelving scheme Library of Congress Classification
Item type Monograph ( Printed materials)
Holdings
Withdrawn status Lost status Source of classification or shelving scheme Damaged status Not for loan Home library Current library Date acquired Total Checkouts Full call number Barcode Date last seen Price effective from Koha item type
    Library of Congress Classification     ARRUPE LIBRARY ARRUPE LIBRARY 03/12/2013   BT993.2B197 1990 46411440 01/12/2016 03/12/2013 Monograph ( Printed materials)

 

Arrupe Library. PO Box MP320 Mt Pleasant, Harare, Zimbabwe
263 242 745411|librarian@aju.ac.zw